Endangered Animals - Statistics

General Stats
  • This quiz has been taken 164 times
    60 since last reset
  • The average score is 13 of 22
Answer Stats
Picture Hint Answer % Correct
Largest land mammal African Bush Elephant
97%
Lives on a different continent than its relatives Asian Elephant
97%
Humanity's closest relative Chimpanzee
95%
Largest cat Tiger
95%
The most poisonous animal on land Golden Poison Frog
89%
Named after a French president Grevy's Zebra
86%
Not a bear, more closely related to skunks Red Panda
86%
The largest animal Blue Whale
84%
King Julien from Madagascar Ring-tailed Lemur
78%
Largest shark Whale Shark
65%
Lives on an island, and featured as a Looney Toons character Tasmanian Devil
62%
Only living relative of the giraffe Okapi
59%
Known as a painted wolf African Wild Dog
49%
Only found in Western Africa Pygmy Hippopotamus
43%
Hunts on the ground, recently listed as endangered Secretary Bird
43%
Named after its nose Proboscis Monkey
41%
National bird of Uganda Gray Crowned Crane
35%
Found in Brazil Golden Lion Tamarin
27%
Parrot that likes to tear cars apart Kea
24%
Bird found on New Caledonia that can glide Kagu
16%
Not a baboon, related to mandrill Drill
11%
Found in China, named for color and nose shape Golden Snub-nosed Monkey
8%
No matching quizzes found
Score Distribution
Percent of People with Each Score
Percentile by Number Answered
Your Score History
You have not taken this quiz since the last reset